Normal view
MARC view
- Dr. Adeeb Shehzad
Entry Personal Name
001 - CONTROL NUMBER
- control field: 16289
003 - CONTROL NUMBER IDENTIFIER
- control field: NUST
005 - DATE AND TIME OF LATEST TRANSACTION
- control field: 20190702060023.0
008 - FIXED-LENGTH DATA ELEMENTS
- fixed length control field: 190702|| aca||aabn | a|a d
040 ## - CATALOGING SOURCE
- Original cataloging agency: NUST
- Transcribing agency: NUST
100 ## - HEADING--PERSONAL NAME
- Personal name: Dr. Adeeb Shehzad
670 ## - SOURCE DATA FOUND
- Source citation: Work cat.: (NUST): Jabeen, Saima 16288, Synthesis, Characterization and Antimicrobial Activity of Silver Nanoparticles by Green Synthesis /, 2017.
